| 000 | 00576nam a22001817a 4500 | ||
|---|---|---|---|
| 008 | 141003b xxu||||| |||| 00| 0 eng d | ||
| 020 | _a0673993272 | ||
| 041 | 0 | _aeng | |
| 080 | _a355.48 | ||
| 100 | _aMueller, John E. | ||
| 245 |
_aQuiet cataclysm : _cJohn Mueller. |
||
| 260 |
_aNew York, NY : _bHarperCollins College Publishers, _c1995. |
||
| 300 |
_a221 f. : _bme il ; _c23 cm. |
||
| 505 | _aReferences: f. (195-214) | ||
| 505 | _aIndex: f. (215-221) | ||
| 650 | 0 |
_aPolitika botërore _y1989 |
|
| 942 |
_2udc _cBK |
||
| 999 |
_c510 _d510 |
||